<?xml version="1.0" encoding="UTF-8"?><?xml-stylesheet type="text/xsl" href="static/style.xsl"?><OAI-PMH xmlns="http://www.openarchives.org/OAI/2.0/" xmlns:xsi="http://www.w3.org/2001/XMLSchema-instance" xsi:schemaLocation="http://www.openarchives.org/OAI/2.0/ http://www.openarchives.org/OAI/2.0/OAI-PMH.xsd"><responseDate>2026-04-13T01:51:28Z</responseDate><request verb="GetRecord" identifier="oai:www.recercat.cat:2099.1/6137" metadataPrefix="marc">https://recercat.cat/oai/request</request><GetRecord><record><header><identifier>oai:recercat.cat:2099.1/6137</identifier><datestamp>2025-07-22T16:15:06Z</datestamp><setSpec>com_2072_1033</setSpec><setSpec>col_2072_452951</setSpec></header><metadata><record xmlns="http://www.loc.gov/MARC21/slim" xmlns:dcterms="http://purl.org/dc/terms/" xmlns:xsi="http://www.w3.org/2001/XMLSchema-instance" xmlns:doc="http://www.lyncode.com/xoai" xsi:schemaLocation="http://www.loc.gov/MARC21/slim http://www.loc.gov/standards/marcxml/schema/MARC21slim.xsd">
   <leader>00925njm 22002777a 4500</leader>
   <datafield ind2=" " ind1=" " tag="042">
      <subfield code="a">dc</subfield>
   </datafield>
   <datafield ind2=" " ind1=" " tag="720">
      <subfield code="a">Luján de Francisco, Jorge</subfield>
      <subfield code="e">author</subfield>
   </datafield>
   <datafield ind2=" " ind1=" " tag="260">
      <subfield code="c">2008-12-04</subfield>
   </datafield>
   <datafield ind2=" " ind1=" " tag="520">
      <subfield code="a">El objetivo del TFC es el diseño de un sistema electrónico para la adquisición&#xd;
y transmisión de los parámetros físicos típicos de una estación meteorológica.&#xd;
Los parámetros meteorológicos medidos han sido elegidos por su fácil&#xd;
interpretación por un usuario, a fin de detectar posibles lluvias, niebla, heladas,&#xd;
riesgo de incendios, etc., todo ello sin necesidad de desplazarse al lugar del&#xd;
emplazamiento.&#xd;
La estación meteorológica puede ser emplazada en cualquier lugar, tanto en&#xd;
zonas urbanas como en rurales, o campos, donde no se dispone de red&#xd;
eléctrica para su alimentación ni una red de comunicaciones por cable.&#xd;
Dicho proyecto consta de un desarrollo de hardware que engloba el diseño de&#xd;
los circuitos de captación, el acondicionamiento de los sensores, la&#xd;
comunicación con el sistema GSM, la unidad central de procesado y la&#xd;
alimentación.&#xd;
El software desarrollado para la estación meteorológica controla la gestión de&#xd;
los usuarios, los niveles de batería, los sensores y las comunicaciones.&#xd;
Como características principales cabe destacar:&#xd;
- El sistema de alimentación autónomo mediante paneles solares y baterías. A&#xd;
fin de poder emplazar el sistema en cualquier ubicación y su autorregulación&#xd;
para disminuir el consumo.&#xd;
- El sistema de comunicaciones inalámbrico, vía red de comunicaciones GSM&#xd;
instaladas por las compañías telefónicas. Consiguiendo una movilidad total&#xd;
para su emplazamiento.&#xd;
- La facilidad para los usuarios a la hora de enviar sms a fin de conocer alguno&#xd;
de los parámetros de la estación meteorológica y establecer parámetros de&#xd;
alarma.&#xd;
El objetivo final es la gestión eficaz de los recursos del sistema a fin de lograr&#xd;
un funcionamiento simple, autónomo y de un tamaño reducido para su libre&#xd;
ubicación.</subfield>
   </datafield>
   <datafield tag="653" ind2=" " ind1=" ">
      <subfield code="a">Àrees temàtiques de la UPC::Enginyeria electrònica::Microelectrònica</subfield>
   </datafield>
   <datafield tag="653" ind2=" " ind1=" ">
      <subfield code="a">Global system for mobile communications</subfield>
   </datafield>
   <datafield tag="653" ind2=" " ind1=" ">
      <subfield code="a">GSM</subfield>
   </datafield>
   <datafield tag="653" ind2=" " ind1=" ">
      <subfield code="a">SMS</subfield>
   </datafield>
   <datafield tag="653" ind2=" " ind1=" ">
      <subfield code="a">PIC</subfield>
   </datafield>
   <datafield tag="653" ind2=" " ind1=" ">
      <subfield code="a">Estación meteorologica</subfield>
   </datafield>
   <datafield tag="653" ind2=" " ind1=" ">
      <subfield code="a">Célula solar</subfield>
   </datafield>
   <datafield tag="653" ind2=" " ind1=" ">
      <subfield code="a">Meteorologia -- Instruments</subfield>
   </datafield>
   <datafield ind2="0" ind1="0" tag="245">
      <subfield code="a">Diseño de una estación meteorologica autónoma gestionada mediante mensajes SMS</subfield>
   </datafield>
</record></metadata></record></GetRecord></OAI-PMH>